000 00419nam a2200169Ia 4500
005 20250508163221.0
008 008 250505s9999 xx 000 0 eng d
037 _aTextual
040 _aFEDL
_beng
_cFEDL
041 _aeng
_2eng
084 _a192, RUS
_qFEDL
100 _aRussell Bertrand
245 0 _aPhilosophy essays
300 _a159p.
942 _cTEXL
_h192, RUS
999 _c1381576
_d1381576